000 00656cam a2200217 a 4500
001 000009099
005 20200929161503.0
008 820721s1992 sp b 000 0 spa
020 _a842332138X
040 _aDO-SdBNP
_dBNPHU
082 _a864.64
_bS266t
100 1 _aSavater, Fernando.
_917672
245 1 3 _aLa tarea del héroe :
_belementos para una ética trágica /
_cFernando Savater.
260 _aMadrid :
_bDestino,
_c1992.
300 _a387 p. ;
_c18 cm.
490 1 _aDestinolibro
_v316
650 4 _aEnsayos españoles
_93095
650 4 _aLiteratura española
_9632
830 0 _aDestinolibro ;
_v316
_98086
910 _aCatalogación derivada
999 _c8863
_d8863